Villes du Puy-de-Dôme en images - Statistiques

Statistiques générales
  • Ce quiz a été pris 128 fois
  • Le résultat moyen est 10 sur 18
Statistiques - réponses
Par images Hint Réponse % Correct
C Clermont-Ferrand
100%
I Issoire
82%
T Thiers
78%
R Riom
77%
A Ambert
73%
V Volvic
72%
G Gergovie
69%
S Saint-Nectaire
67%
M Mont-Dore
65%
L Lempdes
54%
P Pont-du-Château
47%
C Cournon-d'Auvergne
36%
B Beaumont
32%
S Saint-Ours
28%
M Montpeyroux
27%
A Aubière
22%
C Chamalières
19%
U Usson
14%
Aucun quiz correspondant
Distribution des résultats
% des personnes avec chaque résultat
Percentile par nombre de réponses
Votre historique - résultats
Vous n’avez pas pris ce quiz